Chapter 3 German Vocab Quiz Stats

 Plays Quiz not verified by Sporcle

Challenge
Share
Tweet
Embed
Score 0/114 Timer 12:00
0 Plays Today
English German % Correct
moneydas Geld
78.6%
breaddas Brot
78.6%
enoughgenug
78.6%
somethingetwas
78.6%
marketder Markt
71.4%
gramdas Gramm
71.4%
kilogramdas Kilo
71.4%
fishder Fisch
71.4%
thirstder Durst
71.4%
thingdas Ding
71.4%
to find; to thinkfinden
71.4%
manyviele
71.4%
to drinktrinken
71.4%
betterbesser
71.4%
whywarum
71.4%
apple juiceder Apfelsaft
64.3%
carrotdie Karotte
64.3%
hungerder Hunger
64.3%
flowerdie Blume
64.3%
housedas Haus
64.3%
tablet, pilldie Tablette
64.3%
to receivebekommen
64.3%
to givegeben
64.3%
to know, to be acquainted withkennen
64.3%
cheapbillig
64.3%
cheaperbilliger
64.3%
mornings, every morningmorgens
64.3%
naturallynaturlich
64.3%
personalpersonlich
64.3%
(on) Saturdayssamstags
64.3%
no longer, not anymorenicht mehr
64.3%
coffeeder Kaffee
64.3%
dinnerdas Abendessen
64.3%
beerdas Bier
64.3%
breakfastdas Fruhstuck
64.3%
lunchdas Mittagessen
64.3%
supermarketder Supermarkt
64.3%
headachedie Kopfschmerzen
64.3%
English German % Correct
to shopeinkaufen
64.3%
to eatessen
64.3%
to buykaufen
64.3%
would likemochte
64.3%
to say, to tellsagen
64.3%
because; fordenn
64.3%
againstgegen
64.3%
meatdas Fleisch
57.1%
potatodie Kartoffel
57.1%
to be thirstyDurst haben
57.1%
to be hungryHunger haben
57.1%
glassdas Glas
57.1%
productdas Produkt
57.1%
to askfragen
57.1%
freshfrisch
57.1%
a fewpaar
57.1%
butterdie Butter
57.1%
sausage, lunch meatdie Wurst
57.1%
favorite drinkdas Lieblingsgetrank
57.1%
pounddas Pfund
57.1%
to needbrauchen
57.1%
to go shoppingeinkaufen gehen
57.1%
to takenehmen
57.1%
literder Liter
50%
to closeschliessen
50%
to meettreffen
50%
fast, quick(ly)schnell
50%
expensiveteuer
50%
impersonalunpersonlich
50%
spaghettidie Spaghetti
50%
that's rightdas stimmt
50%
bag; pocketdie Tasche
42.9%
visitder Besuch
42.9%
wishder Wunsch
42.9%
to go homenach Hause
42.9%
cupdie Tasse
42.9%
to pay (for)bezahlen
42.9%
to smellriechen
42.9%
English German % Correct
to call, to cry outrufen
42.9%
to standstehen
42.9%
healthygesund
42.9%
tasty, deliciouslecker
42.9%
bun, rolldas Brotchen
42.9%
food; groceriesdie Lebensmittel
42.9%
favoriteder Liebling
42.9%
to look forsuchen
42.9%
marmalade, jamdie Marmelade
35.7%
rosedie Rose
35.7%
meal; prepared fooddas Essen
35.7%
bakerder Backer
35.7%
butcherder Metzger
35.7%
drugstoredie Drogerie
35.7%
no morekein mehr
35.7%
theredort
28.6%
finallyendlich
28.6%
very beautifulwunderschon
28.6%
department storedas Kaufhaus
28.6%
pharmacydie Apotheke
28.6%
butcher shop, meat marketdie Metzgerei
28.6%
aspirindas Aspirin
28.6%
shopping bagdie Einkaufstasche
21.4%
piecedas Stuck
21.4%
oh dearoh je
21.4%
bookstoredie Buchhandlung
21.4%
combder Kamm
21.4%
to be correctstimmen
21.4%
flower standder Blumenstand
14.3%
to the marketauf den Markt
14.3%
store, businessdas Geschaft
14.3%
to be very hungryRiesenhunger haben
14.3%
otherwisesonst
14.3%
storeder Laden
7.1%
grocery storedas Lebensmittelgeschaft
7.1%
to have companyBesuch haben
7.1%
yes of courseja schon
7.1%
Will there be anything else?Sonst noch einen Wunsch?
0%

You're not logged in!

Compare scores with friends on all Sporcle quizzes.
OR
Log In

You Might Also Like...

Show Comments

Extras

Top Quizzes Today


Score Distribution

Your Account Isn't Verified!

In order to create a playlist on Sporcle, you need to verify the email address you used during registration. Go to your Sporcle Settings to finish the process.

Report this User

Report this user for behavior that violates our Community Guidelines.

Details: